Olympics medal table - Mexico City 1968 - Statistics

General Stats
  • This quiz has been taken 23 times
  • The average score is 9 of 11
Answer Stats
Gold Silver Bronze Total Nation % Correct
29 32 30 91 Soviet Union
100%
45 28 34 107 United States
100%
9 9 7 25 East Germany
90%
11 7 7 25 Japan
90%
5 11 10 26 West Germany
90%
7 3 5 15 France
86%
5 7 5 17 Australia
81%
3 4 9 16 Italy
81%
5 2 11 18 Poland
76%
4 6 5 15 Romania
76%
10 10 12 32 Hungary
71%
No matching quizzes found
Score Distribution
Percent of People with Each Score
Percentile by Number Answered
Your Score History
You have not taken this quiz